Strategické rozhodovanie v medzinárodnom podnikaní /

Hlavní autor: Sršňová, Jana, 1943-
Korporativní autor: Ekonomická univerzita v Bratislave. Fakulta podnikového manažmentu
Jazyk: Slovenština
Vydáno: Bratislava : Ekonóm, 1998
Vydání: Vyd. 1.
Témata:
Fyzický popis: 155 s. ; 20 cm
Knihy
Uloženo v:
LEADER 01414nam a2200361 a 4500
001 000399401
003 CZ BrMZK
005 20210317091727.0
007 ta
008 980115s1998 xo e p slo d
020 |a 80-225-0920-5 
040 |a BOA001  |b cze 
072 7 |a 658  |x Řízení a správa podniku  |2 Konspekt  |9 4 
072 7 |a 37.016  |x Učební osnovy. Vyučovací předměty. Učebnice  |2 Konspekt  |9 22 
080 |a 658.114-027.543  |2 MRF 
080 |a 005.21  |2 MRF 
080 |a 005.311.6  |2 MRF 
080 |a (075.8)  |2 MRF 
100 1 |a Sršňová, Jana,  |d 1943-  |7 xx0057106  |4 aut 
245 1 0 |a Strategické rozhodovanie v medzinárodnom podnikaní /  |c Jana Sršňová 
250 |a Vyd. 1. 
260 |a Bratislava :  |b Ekonóm,  |c 1998 
300 |a 155 s. ;  |c 20 cm 
500 |a Určeno pro posl. fak. podnik. manažmentu Ekon. univ. v Bratislavě. - Bibliogr. 
541 |a Bratislava, Centrum vedecko-technických informácií SR 
650 0 7 |a mezinárodní podnikání  |7 ph802212  |2 czenas 
650 0 7 |a strategický management  |7 ph116291  |2 czenas 
650 0 7 |a rozhodování  |7 ph125259  |2 czenas 
655 7 |a učebnice vysokých škol  |7 fd133772  |2 czenas 
710 2 |a Ekonomická univerzita v Bratislave.  |b Fakulta podnikového manažmentu  |7 mzk2002157193 
910 |a BOA001  |b 2-1057.187 
990 |a BK 
996 7 |b 2610088852  |c 2-1057.187  |l MZK  |r Sklad / do 1 hodiny  |n 0  |p vým  |w 000399401  |u 000010  |a 1  |e BOA001  |j MZK50  |s A